LIBRARY & INFORMATION CENTRE, KCAET, TAVANUR

ONLINE PUBLIC ACCESS CATALOGUE (OPAC)

Applications of Fluidization to Food Processing (Record no. 15632)

MARC details
000 -LEADER
fixed length control field 00370nam a22001457a 4500
003 - CONTROL NUMBER IDENTIFIER
control field OSt
008 - FIXED-LENGTH DATA ELEMENTS--GENERAL INFORMATION
fixed length control field 190522b ||||| |||| 00| 0 eng d
020 ## - INTERNATIONAL STANDARD BOOK NUMBER
ISBN 9788126551477
082 ## - DEWEY DECIMAL CLASSIFICATION NUMBER
Classification number 664
Item number SMI/AP
100 ## - MAIN ENTRY--AUTHOR NAME
Personal name Smith, P G
245 ## - TITLE STATEMENT
Title Applications of Fluidization to Food Processing
260 ## - PUBLICATION, DISTRIBUTION, ETC. (IMPRINT)
Place of publication New Delhi
Name of publisher Wiley Blackwell
Year of publication 2014
300 ## - PHYSICAL DESCRIPTION
Number of Pages 244 p.
942 ## - ADDED ENTRY ELEMENTS (KOHA)
Koha item type Books
Holdings
Withdrawn status Lost status Damaged status Collection code Home library Current library Shelving location Date acquired Cost, normal purchase price Full call number Accession Number Koha item type
      Non-fiction KAUAET KAUAET General Stacks 22/05/2019 4995.00 664 SMI/AP 25882 Books
free website counter